000 00297nam a22001337a 4500
008 170307b xxu||||| |||| 00| 0 eng d
020 _a9780805354638
041 _aeng
080 _26 ED
_aSHM
100 _a6
101 _aSHM
245 _aHUMAN ANATOMY PHYSIOLOGY
_cMARICH.E.N
942 _2udc
_cBK
999 _c7026
_d7026